| 000 | 01033nam a22002297a 4500 | ||
|---|---|---|---|
| 999 |
_c7123 _d7123 |
||
| 003 | AR-CdUCM | ||
| 008 | 190319b ||||| |||| 00| 0 spa d | ||
| 020 | _a84-205-0525-0 | ||
| 040 |
_aMUNICIPALIDAD PROVINCIAL DEL CUSCO _cBIBLIOTECA MUNICIPAL DEL CUSCO |
||
| 082 |
_a574 / _bL22 |
||
| 100 |
_aLamotte, M. _920075 |
||
| 245 |
_aBiología general III : _bDesarrollo y morfogenesis / |
||
| 260 |
_aEspaña : _bAlhambra, _c1975 |
||
| 300 |
_a309 paginas ; _c24 cm. |
||
| 505 | _aContenido :Las etapas del desarrollo embrionario de los metazos -- Los elementos estructurales del huevo y los fenómenos de regulación -- Los fenómenos de inducción; el centro organizador de los anfibios -- La etapa de mosaico del desarrollo, los huevos con desarrollo del mosaico -- Desarrollo y organogenesis en el reino vegetal ... | ||
| 650 |
_aBiología general _920076 |
||
| 650 |
_aCiencias aplicadas _920077 |
||
| 700 |
_aL´heritier, P. _920078 |
||
| 700 |
_aSalas Ortueta, E. de (traductor) _920079 |
||
| 942 |
_2ddc _cLIBROS |
||
| 945 | _arum | ||